| 000 | 01126nas a2200241 454500 | ||
|---|---|---|---|
| 001 | 53394 | ||
| 005 | 20260407193512.0 | ||
| 008 | 260407s1954####ag###########|||spa#d | ||
| 003 | AR-UNSa-BCEJYS | ||
| 040 |
_aAR-UNSa-BCEJYS _bspa _cAR-UNSa-BCEJYS |
||
| 080 |
_a34(094) _xFuentes legales. Documentos legales. Legislación en materia de Derecho |
||
| 245 | 1 | 0 | _aAnales de Legislación Argentina |
| 264 | 1 |
_aBuenos Aires : _bLa Ley _c1954 |
|
| 310 | _aFrecuencia: Mensual Cambia de Director a partir del Tomo X/A por Roberto Fraga Patrao Cambia de Director a partir del Tomo XXIII/A por Gualterio E. Beckford Cambia de Director a partir del Tomo XXV/C por Jerónimo Remorino Cambia de Director a partir del Tomo XXVII/A por Roberto Fraga Patrao Cambia de Director a partir del Tomo XXVIII/A por Carlos M. Oliva Vélez Cambia de Director a partir del Tomo XLVI/A por Enrique J. Alcorta Gaona | ||
| 041 | _aspa | ||
| 942 | _cSER | ||
| 590 | _aniveau_biblio:s niveau_hierar:1 | ||
| 100 | 1 | _aRemorino, Jerónimo | |
| 650 | _aDerecho | ||
| 650 | _aCONSTITUCIÓN NACIONAL | ||
| 650 | _aLegislación | ||
| 650 | _aLEYES | ||
| 999 |
_c8961 _d8961 |
||